000 01139cam a22002054a 4500
005 20250605164139.0
008 250528s ||||||||||||||||||||||||d
035 _a18878
020 _a435284975
040 _aGR-AtMCL
_bgre
_dGR-AtMCL
_eAACR2
245 1 _aGuided Course in English Composition / Student's Book New Edition
260 _bHeinemann,
_c1988
300 _a96
520 _aThis book is designed for intermediate students who are writing compositions for the first time or for more advanced students who want to develop their writing skills. Your Education, An Interesting Journey, Your Town or Village, A Wedding, Lost and Found, Planning and Writing a Free Composition, Wanting Money for Something, An Important Interview and examination or meeting, A Theft, An Imaginary Holiday, A Letter Giving Travel Instructions, Planning and Writing a Free Composition, Young People Starting Work, A Strange Story, Sports and Games, An Important Annual Festival, Changes in Your Town or Village, Free Compositions.
700 1 _aJupp Tc
_95154
700 1 _aMilne John
_95155
942 _cBK
999 _c4184
_d4184